| 000 | 00838nam a2200265 a 4500 | ||
|---|---|---|---|
| 001 | 000022041 | ||
| 003 | DO-SdBNP | ||
| 005 | 20240229073944.0 | ||
| 007 | ta | ||
| 008 | 100916s1995 dr r 000 0 spa d | ||
| 040 |
_aDO-SdBNP _bspa _cBNPHU _erda |
||
| 082 |
_axxxx _bC531q _222 |
||
| 100 | 1 |
_aChez Checo, José, _d1949- _910145 |
|
| 245 | 1 | 0 |
_aQuinto centenario / _cJosé Chez Checo. |
| 264 | 1 |
_aSanto Domingo : _bAmigo del Hogar, _c1995. |
|
| 300 |
_a48 páginas _c19 cm. |
||
| 336 |
_2rdacontent _atexto _btxt |
||
| 337 |
_2rdamedia _asin mediación _bn |
||
| 338 |
_2rdacarrier _avolumen _bnc |
||
| 490 | 1 |
_aHistoria total _v1 |
|
| 500 | _aIncluye referencias bibliográficas y notas al pie de las páginas | ||
| 500 | _aIncluye datos biográficos del autor en las solapas | ||
| 590 | _aInventariado, 2019/BT | ||
| 942 |
_2ddc _cLBS1 |
||
| 999 |
_c21539 _d21539 |
||